مكتبة جامعة عجلون الوطنية

فهرس بحث المكتبة

Normal view MARC view
  • Arunachalam, N مؤلف/Gopal,Sri.R م.مشارك

Entry Personal Name

Number of records used in: 1

001 - CONTROL NUMBER

  • control field: 112

003 - CONTROL NUMBER IDENTIFIER

  • control field: JO-AjAnu

005 - DATE AND TIME OF LATEST TRANSACTION

  • control field: 20230606070323.0

008 - FIXED-LENGTH DATA ELEMENTS

  • fixed length control field: 230606|| aca||aabn | a|a d

040 ## - CATALOGING SOURCE

  • Original cataloging agency: JO-AjAnu
  • Transcribing agency: JO-AjAnu

100 ## - HEADING--PERSONAL NAME

  • Personal name: Arunachalam, N مؤلف/Gopal,Sri.R م.مشارك

670 ## - SOURCE DATA FOUND

  • Source citation: Work cat.: (JO-AjAnu)60: Arunachalam, N مؤلف/Gopal,Sri.R م.مشارك, author, Special Education: Self Instructional Module (SIM) On Behaviour Disorders